Arsenal women squad 22/23 - Shirt numbers - Statistics

General Stats
  • This quiz has been taken 270 times
    215 since last reset
  • The average score is 14 of 24
Answer Stats
# Answer % Correct
1 Manuela Zinsberger
94%
9 Beth Mead
89%
6 Leah Williamson
89%
11 Vivianne Miedema
85%
15 Katie McCabe
78%
10 Kim Little
77%
3 Lotte Wubben-Moy
77%
19 Caitlin Foord
74%
7 Steph Catley
73%
13 Lia Wälti
71%
12 Frida Maanum
60%
5 Jennifer Beattie
57%
25 Stina Blackstenius
56%
21 Victoria Pelova
51%
17 Lina Hurtig
49%
2 Rafaelle Souza
45%
26 Laura Wienroither
42%
22 Kathrine Kühl
39%
20 Gio Queiroz
38%
16 Noelle Maritz
38%
14 Sabrina D´Angelo
38%
29 Teyah Goldie
34%
18 Kaylan Marckese
26%
27 Jodie Taylor
20%
No matching quizzes found
Score Distribution
Percent of People with Each Score
Percentile by Number Answered
Your Score History
You have not taken this quiz since the last reset